Central Library OPAC University of Rajshahi

যাজ্ঞবল্ক্যসংহিতা বা যাজ্ঞবল্ক্যস্মৃতি / (Record no. 40615)

MARC details
000 -LEADER
fixed length control field 01010nam a2200229 a 4500
001 - CONTROL NUMBER
control field 40615
003 - CONTROL NUMBER IDENTIFIER
rucl marc code BD-RjUL
005 - DATE AND TIME OF LATEST TRANSACTION
control field 20211209053243.0
008 - FIXED-LENGTH DATA ELEMENTS--GENERAL INFORMATION
fixed length control field 160507s bg |a|| |||| 00| 0 ben d
020 ## - INTERNATIONAL STANDARD BOOK NUMBER
Terms of availability : 40.00
035 ## - SYSTEM CONTROL NUMBER
System control number (BD-RjUL)40730
040 ## - CATALOGING SOURCE
Original cataloging agency BD-RjUL
Language of cataloging ben
Transcribing agency BD-RjUL
041 ## - LANGUAGE CODE
Language code of text/sound track or separate title ben
082 ## - DEWEY DECIMAL CLASSIFICATION NUMBER
Edition number 23
Classification number B 294.5
Author mark and year JAG 1991
245 ## - TITLE STATEMENT
Title যাজ্ঞবল্ক্যসংহিতা বা যাজ্ঞবল্ক্যস্মৃতি /
Statement of responsibility, etc. মহামহোপাধ্যায় পঞ্চানন তর্করত্ন সম্পাদিত
260 ## - PUBLICATION, DISTRIBUTION, ETC. (IMPRINT)
Place of publication, distribution, etc. কলিকাতা:
Name of publisher, distributor, etc. সংস্কৃত পুস্তক ভান্ডার,
Date of publication, distribution, etc. 1991 (১৩৯৮).
300 ## - PHYSICAL DESCRIPTION
Pagination ২১৮ পৃ. ;
Size ২৫ সেমি.
650 ## - SUBJECT ADDED ENTRY--TOPICAL TERM
Topical term or geographic name as entry element হিন্দুধর্ম
9 (RLIN) 124991
Topical term or geographic name as entry element Hinduismo
9 (RLIN) 124992
700 ## - ADDED ENTRY--PERSONAL NAME
Personal name তর্করত্ন, মহামহোপাধ্যায় পঞ্চানন, সম্পাদক.
942 ## - ADDED ENTRY ELEMENTS (KOHA)
Source of classification or shelving scheme Dewey Decimal Classification
Koha item type Books
Holdings
Lost status Source of classification or shelving scheme Damaged status Not for loan Collection code Permanent Location Current Location Shelving location Date acquired Source of acquisition Cost, normal purchase price Total Checkouts Full call number Date last seen Copy number Koha item type Date checked out
  Dewey Decimal Classification   Not For Loan Non-fiction Central Library, University of Rajshahi Central Library, University of Rajshahi Reading Room 27/05/1996 Uttar Bangla, Rajshahi. 40.00   B 294.5 JAG 1991 07/05/2016 C-1 Books  
  Dewey Decimal Classification     Non-fiction Central Library, University of Rajshahi Central Library, University of Rajshahi   27/05/1996 Uttar Bangla, Rajshahi. 40.00   B 294.5 JAG 1991 07/05/2016 C-2 Books  
  Dewey Decimal Classification     Non-fiction Central Library, University of Rajshahi Central Library, University of Rajshahi   27/05/1996 Uttar Bangla, Rajshahi. 40.00   B 294.5 JAG 1991 07/05/2016 C-3 Books  
  Dewey Decimal Classification     Non-fiction Central Library, University of Rajshahi Central Library, University of Rajshahi   27/05/1996 Uttar Bangla, Rajshahi. 40.00 2 B 294.5 JAG 1991 20/03/2017 C-4 Books 05/01/2017
  Dewey Decimal Classification     Non-fiction Central Library, University of Rajshahi Central Library, University of Rajshahi   27/05/1996 Uttorbango lib.,Rajshahi. 56.00   B 294.5 JAG 1991 05/12/2016 C-5 Books